000 00304nam a2200121Ia 4500
008 190216s9999||||xx |||||||||||||| ||und||
100 _aChisholm. J.S.R
245 0 _aVectors In Three Dimensional Space
250 _a1st Ed.
260 _bCambridge Uty Press
_c1978
650 _aMathematics
942 _cBK
999 _c30835
_d30835